[Event "ELD_1819"]
[Site "?"]
[Date "2019.04.14"]
[Round "7.1"]
[White "Skalsky, Alexandr"]
[Black "Haase, Pavel"]
[Result "1/2-1/2"]
[BlackElo "2129"]
[WhiteElo "2071"]
[LiveChessVersion "1.4.8"]

1. e4 c5 2. Nf3 d6 3. d4 cxd4 4. Nxd4 Nf6 5. Nc3 g6 6. Be3 Bg7 7. f3 a6 8. Qd2 h5
9. Be2 b5 10. O-O Bb7 11. a4 b4 12. Na2 a5 13. c3 bxc3 14. bxc3 O-O 15. Rab1 Qc8
16. c4 Kh7 17. Rb5 Nbd7 18. Rxa5 Nc5 19. Rxa8 Qxa8 20. a5 Nfd7 21. Rb1 Ne5 22.
Nc1 Ba6 23. Nb5 Qc6 24. Qa2 Rb8 25. Nd4 Qc7 26. Rxb8 Qxb8 27. Nb5 Nc6 28. Nd3 Qd8
29. Nxc5 dxc5 30. Bxc5 Nxa5 31. Bb4 Nc6 32. Be1 Nd4 33. Nxd4 Bxd4+ 34. Bf2 Bxf2+
35. Kxf2 Qd4+ 36. Kf1 Bc8 37. Qa5 Be6 38. c5 Bc4 39. Bxc4 Qxc4+ 40. Kf2 h4 41. h3
Qc2+ 42. Kf1 Qc1+ 43. Kf2 Qc2+ 44. Kf1 Qc1+ 45. Qe1 Qxc5 46. Qxh4+ Kg7 47. Qf2
Qc4+ 48. Qe2 Qd4 49. Qe1 e5 50. Ke2 Kg8 51. h4 Kg7 52. Qd2 Qg1 53. Kd3 Qd4+ 54.
Kc2 Qc4+ 55. Qc3 Qe2+ 56. Qd2 Qc4+ 57. Kb2 Qb5+ 58. Kc3 Qc5+ 59. Kb3 Qb5+ 60. Ka3
Qc5+ 61. Ka4 Qc4+ 62. Ka5 Qc5+ 63. Ka4 Qc4+ 64. Ka3 Qc5+ 65. Ka2 Qc4+ 66. Kb1
Qf1+ 67. Kc2 Qc4+ 68. Qc3 Qe2+ 69. Kb3 Qb5+ 70. Ka3 Qa6+ 71. Kb4 Qb6+ 72. Kc4
Qa6+ 73. Kd5 Qe6+ 74. Kc5 Qc8+ 75. Kb4 Qb7+ 76. Ka3 Qa6+ 77. Kb3 Qb5+ 78. Ka2
Qa4+ 79. Kb2 Qb5+ 80. Ka3 Qa6+ 81. Kb3 Qb5+ 82. Qb4 Qd3+ 83. Ka2 Qc2+ 84. Qb2
Qa4+ 85. Kb1 Qd1+ 86. Qc1 Qb3+ 87. Ka1 Qa4+ 88. Kb2 Qb4+ 89. Ka2 Qa4+ 90. Qa3
Qc2+ 91. Qb2 Qa4+ 92. Kb1 Qd1+ 93. Qc1 Qb3+ 94. Ka1 Qa4+ 95. Kb2 Qb4+ 96. Kc2
Qc5+ 97. Kb1 Qb5+ 98. Qb2 Qf1+ 99. Ka2 Qa6+ 100. Kb3 Qb6+ 101. Kc2 Qf2+ 102. Kb1
Qf1+ 1/2-1/2

[Event "ELD_1819"]
[Site "?"]
[Date "2019.04.14"]
[Round "7.2"]
[White "Pribylova, Sofie"]
[Black "Londin, Simon"]
[Result "1/2-1/2"]
[BlackElo "2163"]
[WhiteElo "2048"]
[LiveChessVersion "1.4.8"]

1. e4 {[%clk 1:30:53]} e6 {[%clk 1:30:42]} 2. d4 {[%clk 1:30:04]} d5
{[%clk 1:31:10]} 3. exd5 {[%clk 1:24:53]} exd5 {[%clk 1:31:33]} 4. Bd3
{[%clk 1:25:12]} c5 {[%clk 1:30:45]} 5. c3 {[%clk 1:25:10]} Nc6 {[%clk 1:30:49]}
6. Nf3 {[%clk 1:24:39]} Bg4 {[%clk 1:29:53]} 7. dxc5 {[%clk 1:18:31]} Bxc5
{[%clk 1:30:19]} 8. O-O {[%clk 1:18:18]} Nf6 {[%clk 1:27:31]} 9. Bg5
{[%clk 1:13:03]} O-O {[%clk 1:27:17]} 10. Nbd2 {[%clk 1:12:41]} h6
{[%clk 1:25:10]} 11. Bh4 {[%clk 1:12:36]} g5 {[%clk 1:25:38]} 12. Bg3
{[%clk 1:12:50]} d4 {[%clk 1:07:35]} 13. Nb3 {[%clk 0:56:44]} Bb6
{[%clk 1:07:31]} 14. c4 {[%clk 0:51:49]} Nd7 {[%clk 1:00:48]} 15. Bd6
{[%clk 0:42:56]} Re8 {[%clk 0:56:48]} 16. Be2 {[%clk 0:41:06]} Bxf3
{[%clk 0:33:40]} 17. Bxf3 {[%clk 0:41:08]} Nde5 {[%clk 0:33:47]} 18. Bxc6
{[%clk 0:39:48]} Nxc6 {[%clk 0:33:31]} 19. c5 {[%clk 0:39:44]} Bc7
{[%clk 0:34:00]} 20. Nxd4 {[%clk 0:35:57]} Bxd6 {[%clk 0:34:26]} 21. cxd6
{[%clk 0:33:55]} Qxd6 {[%clk 0:34:53]} 22. Nxc6 {[%clk 0:33:48]} Qxc6
{[%clk 0:32:27]} 23. Rc1 {[%clk 0:29:22]} 1/2-1/2

[Event "ELD_1819"]
[Site "?"]
[Date "2019.04.14"]
[Round "7.3"]
[White "Vavrinkova, Eliska"]
[Black "Pribyl, Viktor"]
[Result "1-0"]
[BlackElo "2042"]
[WhiteElo "1845"]
[LiveChessVersion "1.4.8"]

1. d4 {[%clk 1:30:40]} Nf6 {[%clk 1:30:47]} 2. c4 {[%clk 1:30:30]} g6
{[%clk 1:31:16]} 3. g3 {[%clk 1:30:40]} Bg7 {[%clk 1:31:24]} 4. Bg2
{[%clk 1:30:41]} d5 {[%clk 1:31:46]} 5. cxd5 {[%clk 1:27:20]} Nxd5
{[%clk 1:32:15]} 6. e4 {[%clk 1:26:55]} Nb6 {[%clk 1:32:00]} 7. Nf3
{[%clk 1:26:33]} Bg4 {[%clk 1:27:54]} 8. Be3 {[%clk 1:20:02]} c5 {[%clk 1:27:39]}
9. e5 {[%clk 1:06:07]} cxd4 {[%clk 1:26:12]} 10. Qxd4 {[%clk 1:01:39]} Nc6
{[%clk 1:25:26]} 11. Qxg4 Qd3 12. Nbd2 {[%clk 0:41:23]} Nxe5 {[%clk 1:21:50]} 13.
Nxe5 {[%clk 0:35:56]} Bxe5 {[%clk 1:22:20]} 14. Qe4 {[%clk 0:34:11]} Qxe4
{[%clk 1:22:22]} 15. Bxe4 {[%clk 0:34:17]} Bxb2 {[%clk 1:22:47]} 16. Rb1
{[%clk 0:34:25]} Bc3 {[%clk 1:22:41]} 17. O-O {[%clk 0:32:13]} Rd8
{[%clk 1:22:56]} 18. Nf3 {[%clk 0:29:34]} O-O {[%clk 1:22:09]} 19. Bxb6
{[%clk 0:27:49]} axb6 {[%clk 1:22:38]} 20. Rxb6 {[%clk 0:28:00]} Ra8
{[%clk 1:22:56]} 21. Rxb7 {[%clk 0:26:00]} Rxa2 {[%clk 1:23:25]} 22. Rxe7
{[%clk 0:25:47]} Re2 {[%clk 1:23:53]} 23. Rc7 {[%clk 0:22:43]} Ba5
{[%clk 1:24:02]} 24. Rc4 {[%clk 0:21:59]} Re8 {[%clk 1:23:35]} 25. Bd5
{[%clk 0:19:50]} Bb6 {[%clk 1:24:04]} 26. Ng5 {[%clk 0:17:33]} R8e5
{[%clk 1:24:16]} 27. Ne4 {[%clk 0:12:56]} Kg7 {[%clk 1:22:59]} 28. Bc6
{[%clk 0:10:42]} h5 {[%clk 1:19:51]} 29. Rb1 {[%clk 0:10:31]} Bd8
{[%clk 1:18:55]} 30. Rb7 {[%clk 0:09:50]} h4 {[%clk 1:18:56]} 31. Nd6
{[%clk 0:07:28]} h3 {[%clk 1:15:54]} 32. f4 {[%clk 0:05:22]} Re1+
{[%clk 1:04:54]} 33. Kf2 {[%clk 0:05:50]} R5e2+ {[%clk 1:05:13]} 34. Kf3
{[%clk 0:06:14]} Be7 {[%clk 1:02:51]} 35. Ne4 {[%clk 0:06:01]} Rxh2
{[%clk 0:57:14]} 36. Rxe7 {[%clk 0:05:37]} Rhe2 {[%clk 0:57:43]} 37. Bd5
{[%clk 0:05:44]} Kh6 {[%clk 0:50:12]} 38. Rxf7 {[%clk 0:05:49]} Rxe4
{[%clk 0:49:14]} 39. Rxe4 {[%clk 0:05:43]} Rf1+ {[%clk 0:47:50]} 40. Kg4
{[%clk 0:05:52]} h2 {[%clk 0:47:30]} 41. Re8 {[%clk 0:06:17]} g5 {[%clk 0:47:45]}
42. fxg5+ {[%clk 0:06:18]} Kg6 {[%clk 0:48:15]} 43. Rxf1 {[%clk 0:06:31]} 1-0

[Event "ELD_1819"]
[Site "?"]
[Date "2019.04.14"]
[Round "7.4"]
[White "Martirosyan, Ara"]
[Black "Ambrozova, Lucie"]
[Result "1/2-1/2"]
[BlackElo "1784"]
[WhiteElo "2000"]
[LiveChessVersion "1.4.8"]

1. d4 {[%clk 1:30:51]} d5 {[%clk 1:30:54]} 2. Bf4 {[%clk 1:31:16]} Nf6
{[%clk 1:30:59]} 3. Nf3 {[%clk 1:31:20]} c5 {[%clk 1:31:10]} 4. e3
{[%clk 1:28:30]} Nc6 {[%clk 1:30:43]} 5. c3 {[%clk 1:28:34]} Qb6 {[%clk 1:30:09]}
6. Qc2 {[%clk 1:28:16]} e6 {[%clk 1:26:02]} 7. Nbd2 {[%clk 1:27:23]} cxd4
{[%clk 1:21:26]} 8. exd4 {[%clk 1:27:20]} Bd7 {[%clk 1:21:11]} 9. Ne5
{[%clk 1:23:50]} Rc8 {[%clk 1:18:50]} 10. Nxc6 {[%clk 1:23:06]} Bxc6
{[%clk 1:17:03]} 11. Bd3 {[%clk 1:23:12]} Bb5 {[%clk 1:09:26]} 12. Nb3
{[%clk 1:04:23]} Be7 {[%clk 1:02:51]} 13. O-O {[%clk 1:03:26]} Bxd3
{[%clk 1:00:20]} 14. Qxd3 {[%clk 1:03:48]} a5 {[%clk 0:58:00]} 15. Rab1
{[%clk 1:02:10]} O-O {[%clk 0:57:23]} 16. Nd2 {[%clk 1:01:36]} a4
{[%clk 0:53:25]} 17. Rfe1 {[%clk 0:59:45]} h6 {[%clk 0:29:01]} 18. h3
{[%clk 0:58:19]} 1/2-1/2

[Event "ELD_1819"]
[Site "?"]
[Date "2019.04.14"]
[Round "7.5"]
[White "Machacek, Lukas"]
[Black "Ret, Adam Josef"]
[Result "0-1"]
[BlackElo "1991"]
[WhiteElo "1702"]
[LiveChessVersion "1.4.8"]

1. e4 {[%clk 1:30:58]} d6 {[%clk 1:30:57]} 2. d4 {[%clk 1:31:23]} Nf6
{[%clk 1:31:23]} 3. Nc3 {[%clk 1:31:36]} e5 {[%clk 1:31:48]} 4. dxe5
{[%clk 1:31:23]} dxe5 {[%clk 1:32:12]} 5. Qxd8+ {[%clk 1:31:24]} Kxd8
{[%clk 1:32:36]} 6. Bg5 {[%clk 1:30:27]} Be6 {[%clk 1:33:00]} 7. O-O-O+
{[%clk 1:30:19]} Nbd7 {[%clk 1:33:25]} 8. Nf3 {[%clk 1:29:47]} Kc8
{[%clk 1:33:49]} 9. Nd2 {[%clk 1:25:15]} Ng4 {[%clk 1:26:53]} 10. Bh4
{[%clk 1:23:01]} Bc5 {[%clk 1:24:28]} 11. f3 {[%clk 1:20:51]} Ne3
{[%clk 1:21:03]} 12. Re1 {[%clk 1:20:54]} Nxf1 {[%clk 1:16:47]} 13. Rhxf1
{[%clk 1:20:24]} f6 {[%clk 1:13:47]} 14. Nb3 {[%clk 1:17:44]} Bb4
{[%clk 1:12:38]} 15. Rd1 {[%clk 1:15:21]} Bxc3 {[%clk 1:03:10]} 16. bxc3
{[%clk 1:15:39]} b6 {[%clk 1:01:56]} 17. Bf2 {[%clk 1:15:06]} Kd8
{[%clk 0:59:17]} 18. Rd2 {[%clk 1:13:37]} Ke7 {[%clk 0:58:50]} 19. Bg3
{[%clk 1:13:30]} a5 {[%clk 0:57:35]} 20. Kb1 {[%clk 1:11:52]} Rad8
{[%clk 0:47:16]} 21. Rfd1 {[%clk 1:10:53]} g5 {[%clk 0:45:58]} 22. Nc1
{[%clk 1:09:37]} Nc5 {[%clk 0:45:13]} 23. Rxd8 {[%clk 1:08:41]} Rxd8
{[%clk 0:45:36]} 24. Rxd8 {[%clk 1:09:09]} Kxd8 {[%clk 0:46:00]} 25. Nd3
{[%clk 1:09:07]} Nb7 {[%clk 0:45:40]} 26. a3 {[%clk 0:53:05]} Nd6
{[%clk 0:45:44]} 27. Nb2 {[%clk 0:52:45]} Nb5 {[%clk 0:44:35]} 28. Nd3
{[%clk 0:49:06]} Nxa3+ {[%clk 0:44:00]} 29. Kc1 {[%clk 0:49:07]} Nc4
{[%clk 0:43:52]} 30. Bf2 {[%clk 0:49:22]} Kd7 {[%clk 0:41:41]} 31. g3
{[%clk 0:49:26]} Nd6 {[%clk 0:41:13]} 32. Kb2 {[%clk 0:49:26]} Kc6
{[%clk 0:38:31]} 33. Be1 {[%clk 0:49:07]} Nc4+ {[%clk 0:37:35]} 34. Kb1
{[%clk 0:49:17]} Nd6 {[%clk 0:33:58]} 35. Kb2 {[%clk 0:49:23]} Bh3
{[%clk 0:33:41]} 36. Bd2 {[%clk 0:49:05]} Nc4+ {[%clk 0:31:51]} 37. Kc1
{[%clk 0:49:25]} Bf1 {[%clk 0:31:15]} 38. Ne1 {[%clk 0:48:51]} Nxd2
{[%clk 0:31:08]} 39. Kxd2 {[%clk 0:49:17]} a4 {[%clk 0:31:02]} 40. Kc1
{[%clk 0:49:30]} Kc5 {[%clk 0:30:51]} 41. Kb2 {[%clk 0:49:55]} Kc4
{[%clk 0:31:11]} 42. h4 {[%clk 0:49:21]} gxh4 {[%clk 0:31:08]} 43. gxh4
{[%clk 0:49:46]} a3+ {[%clk 0:30:48]} 44. Kxa3 {[%clk 0:50:11]} Kxc3
{[%clk 0:31:12]} 0-1

[Event "ELD_1819"]
[Site "?"]
[Date "2019.04.14"]
[Round "7.6"]
[White "?"]
[Black "?"]
[Result "1/2-1/2"]
[BlackElo "1991"]
[WhiteElo "1991"]
[LiveChessVersion "1.4.8"]

1. e4 {[%clk 1:30:57]} d5 {[%clk 1:30:56]} 2. exd5 {[%clk 1:31:20]} Nf6
{[%clk 1:31:20]} 3. Bb5+ {[%clk 1:31:30]} Bd7 {[%clk 1:31:32]} 4. Bxd7+
{[%clk 1:31:46]} Nbxd7 {[%clk 1:31:26]} 5. Nf3 {[%clk 1:29:53]} Nxd5
{[%clk 1:31:14]} 6. d4 {[%clk 1:28:23]} g6 {[%clk 1:29:31]} 7. O-O
{[%clk 1:26:41]} Bg7 {[%clk 1:29:11]} 8. c3 {[%clk 1:25:53]} O-O {[%clk 1:29:21]}
9. Re1 {[%clk 1:24:39]} Re8 {[%clk 1:24:44]} 10. Nbd2 {[%clk 1:22:21]} e5
{[%clk 1:22:44]} 11. dxe5 {[%clk 1:19:11]} Nxe5 {[%clk 1:22:29]} 12. Nxe5
{[%clk 1:19:05]} Rxe5 {[%clk 1:20:19]} 13. Nf3 {[%clk 1:18:21]} Rxe1+
{[%clk 1:19:41]} 14. Qxe1 {[%clk 1:17:44]} Qd7 {[%clk 1:18:32]} 15. Bg5
{[%clk 1:16:48]} Re8 {[%clk 1:18:00]} 16. Qd2 {[%clk 1:16:57]} Nb6
{[%clk 1:17:27]} 17. Qxd7 {[%clk 1:14:38]} Nxd7 {[%clk 1:16:41]} 18. Kf1
{[%clk 1:13:25]} Nc5 {[%clk 1:14:26]} 19. Rd1 {[%clk 1:12:04]} f6
{[%clk 0:58:33]} 20. Bf4 {[%clk 1:11:54]} Ne6 {[%clk 0:58:34]} 21. Bg3
{[%clk 1:11:30]} Re7 {[%clk 0:58:13]} 22. Nd4 {[%clk 1:09:58]} Nxd4
{[%clk 0:56:40]} 23. Rxd4 {[%clk 1:10:15]} Kf7 {[%clk 0:56:30]} 24. f3
{[%clk 1:04:16]} f5 {[%clk 0:54:44]} 25. Rd3 {[%clk 1:04:22]} Be5
{[%clk 0:53:30]} 26. Bxe5 {[%clk 0:59:35]} Rxe5 {[%clk 0:53:51]} 27. Rd8
{[%clk 0:59:58]} Re7 {[%clk 0:53:39]} 28. Rb8 {[%clk 0:57:49]} c6
{[%clk 0:52:17]} 29. Rd8 {[%clk 0:58:06]} 1/2-1/2

[Event "ELD_1819"]
[Site "?"]
[Date "2019.04.14"]
[Round "7.7"]
[White "Vorisek, Jakub"]
[Black "Rolinek, Dominik"]
[Result "1/2-1/2"]
[BlackElo "2031"]
[WhiteElo "1991"]
[LiveChessVersion "1.4.8"]

1. e4 {[%clk 1:30:54]} d6 {[%clk 1:30:55]} 2. d4 {[%clk 1:30:42]} Nf6
{[%clk 1:31:21]} 3. Nc3 {[%clk 1:30:37]} e5 {[%clk 1:31:45]} 4. Nf3
{[%clk 1:28:04]} Nbd7 {[%clk 1:32:09]} 5. Bc4 {[%clk 1:26:01]} Be7
{[%clk 1:32:28]} 6. O-O {[%clk 1:25:50]} O-O {[%clk 1:32:52]} 7. h3
{[%clk 1:24:54]} c6 {[%clk 1:33:15]} 8. a4 {[%clk 1:23:44]} a5 {[%clk 1:33:30]}
9. Re1 {[%clk 1:18:02]} Nb6 {[%clk 1:33:53]} 10. Ba2 {[%clk 1:16:23]} Nfd7
{[%clk 1:34:16]} 11. Be3 {[%clk 1:13:36]} exd4 {[%clk 1:34:39]} 12. Nxd4
{[%clk 1:04:26]} Nc5 {[%clk 1:35:02]} 13. Qh5 {[%clk 0:59:57]} Nbxa4
{[%clk 1:31:41]} 14. Nxa4 {[%clk 0:53:26]} Nxa4 {[%clk 1:31:59]} 15. Bxf7+
{[%clk 0:45:13]} Rxf7 {[%clk 1:32:12]} 16. Rxa4 {[%clk 0:45:37]} c5
{[%clk 1:25:04]} 17. Ne2 {[%clk 0:37:25]} b5 {[%clk 1:18:08]} 18. Raa1
{[%clk 0:36:33]} Bb7 {[%clk 1:16:09]} 19. Nc3 {[%clk 0:35:20]} Qe8
{[%clk 0:59:41]} 20. Nd5 {[%clk 0:33:46]} Bf6 {[%clk 0:56:57]} 21. Nxf6+
{[%clk 0:26:08]} Rxf6 {[%clk 0:57:20]} 22. Qxe8+ {[%clk 0:25:54]} Rxe8
{[%clk 0:57:44]} 23. Rxa5 {[%clk 0:23:23]} Bxe4 {[%clk 0:57:51]} 24. c3
{[%clk 0:22:32]} Bd3 {[%clk 0:41:52]} 25. Rd1 {[%clk 0:22:36]} Bc4
{[%clk 0:41:10]} 26. Ra6 {[%clk 0:22:12]} Ree6 {[%clk 0:39:41]} 27. Rc6
{[%clk 0:19:15]} Bb3 {[%clk 0:38:19]} 28. Rd2 {[%clk 0:18:54]} Kf8
{[%clk 0:34:41]} 29. Bg5 {[%clk 0:17:27]} Rf5 {[%clk 0:32:23]} 30. f4
{[%clk 0:11:59]} Rd5 {[%clk 0:29:31]} 31. Rf2 {[%clk 0:10:37]} Re1+
{[%clk 0:25:52]} 32. Kh2 {[%clk 0:10:45]} h6 {[%clk 0:24:55]} 33. Bh4
{[%clk 0:10:00]} Rdd1 {[%clk 0:24:54]} 34. f5 {[%clk 0:08:29]} b4
{[%clk 0:20:53]} 35. f6 {[%clk 0:07:03]} g5 {[%clk 0:20:51]} 36. Rc8+
{[%clk 0:06:44]} Kf7 {[%clk 0:20:22]} 37. Rc7+ {[%clk 0:07:09]} Kg6
{[%clk 0:14:26]} 38. Rg7+ {[%clk 0:03:33]} Kh5 {[%clk 0:14:33]} 39. Bxg5
{[%clk 0:03:50]} hxg5 {[%clk 0:14:38]} 1/2-1/2

[Event "ELD_1819"]
[Site "?"]
[Date "2019.04.14"]
[Round "7.8"]
[White "Otruba, Marek"]
[Black "Vojta, Jakub"]
[Result "0-1"]
[BlackElo "2094"]
[WhiteElo "2103"]
[LiveChessVersion "1.4.8"]

1. e4 {[%clk 1:30:58]} c5 {[%clk 1:30:30]} 2. Nf3 {[%clk 1:31:24]} d6
{[%clk 1:30:58]} 3. d4 {[%clk 1:31:50]} cxd4 {[%clk 1:31:25]} 4. Nxd4
{[%clk 1:32:17]} Nf6 {[%clk 1:31:51]} 5. Nc3 {[%clk 1:32:44]} a6 {[%clk 1:32:18]}
6. g3 {[%clk 1:33:08]} e5 {[%clk 1:29:35]} 7. Nde2 {[%clk 1:33:29]} Be7
{[%clk 1:28:49]} 8. Bg2 {[%clk 1:33:54]} O-O {[%clk 1:28:20]} 9. a4
{[%clk 1:34:05]} b6 {[%clk 1:23:30]} 10. O-O {[%clk 1:34:23]} Bb7
{[%clk 1:23:48]} 11. Nd5 {[%clk 1:21:39]} Nxd5 {[%clk 1:23:57]} 12. exd5
{[%clk 1:22:05]} f5 {[%clk 1:22:38]} 13. b3 {[%clk 1:21:18]} Nd7 {[%clk 1:20:35]}
14. c4 {[%clk 1:18:02]} a5 {[%clk 1:16:38]} 15. f4 {[%clk 1:12:30]} Bf6
{[%clk 1:09:48]} 16. Bb2 {[%clk 1:11:57]} g6 {[%clk 1:06:07]} 17. Qc2
{[%clk 1:04:39]} Nc5 {[%clk 1:05:28]} 18. Rab1 {[%clk 1:04:39]} Qd7
{[%clk 1:01:27]} 19. Nc1 {[%clk 1:03:03]} e4 {[%clk 1:00:45]} 20. Bxf6
{[%clk 1:02:49]} Rxf6 {[%clk 1:01:12]} 21. Ne2 {[%clk 1:02:46]} Qg7
{[%clk 0:55:21]} 22. Qd2 {[%clk 0:59:54]} Bc8 {[%clk 0:47:10]} 23. Qe3
{[%clk 0:59:49]} Bd7 {[%clk 0:47:18]} 24. Nd4 {[%clk 0:58:00]} Rf7
{[%clk 0:45:24]} 25. Rf2 {[%clk 0:54:51]} h6 {[%clk 0:43:36]} 26. Bf1
{[%clk 0:54:44]} Raf8 {[%clk 0:42:17]} 27. Rd1 {[%clk 0:53:29]} Qf6
{[%clk 0:41:36]} 28. Rfd2 {[%clk 0:53:01]} Re8 {[%clk 0:40:51]} 29. Be2
{[%clk 0:49:27]} Rg7 {[%clk 0:39:47]} 30. Kh1 {[%clk 0:46:20]} Ree7
{[%clk 0:38:40]} 31. Rb1 {[%clk 0:38:22]} g5 {[%clk 0:37:36]} 32. b4
{[%clk 0:38:25]} axb4 {[%clk 0:34:26]} 33. Rxb4 {[%clk 0:38:25]} gxf4
{[%clk 0:33:53]} 34. gxf4 {[%clk 0:38:10]} Qh4 {[%clk 0:33:46]} 35. Rd1
{[%clk 0:35:31]} Nd3 {[%clk 0:31:18]} 36. Bxd3 {[%clk 0:34:19]} exd3
{[%clk 0:31:25]} 37. Ne6 {[%clk 0:34:22]} Rxe6 {[%clk 0:31:51]} 0-1

[Event "ELD_1819"]
[Site "?"]
[Date "2019.04.14"]
[Round "7.9"]
[White "Solc, Filip"]
[Black "Novotny, Martin"]
[Result "0-1"]
[BlackElo "2088"]
[WhiteElo "1998"]
[LiveChessVersion "1.4.8"]

1. d4 {[%clk 1:30:51]} Nf6 {[%clk 1:30:45]} 2. Bf4 {[%clk 1:31:16]} g6
{[%clk 1:31:06]} 3. Nc3 {[%clk 1:31:41]} d5 {[%clk 1:30:18]} 4. Qd2
{[%clk 1:32:06]} Bg7 {[%clk 1:29:25]} 5. O-O-O {[%clk 1:32:02]} O-O
{[%clk 1:22:50]} 6. f3 {[%clk 1:32:25]} c6 {[%clk 1:15:57]} 7. h4
{[%clk 1:29:49]} b5 {[%clk 1:12:40]} 8. g4 {[%clk 1:27:45]} b4 {[%clk 1:09:14]}
9. Nb1 {[%clk 1:23:30]} c5 {[%clk 1:06:18]} 10. Bh6 {[%clk 1:16:29]} Nc6
{[%clk 1:00:58]} 11. dxc5 {[%clk 1:12:30]} Bxh6 {[%clk 0:54:17]} 12. Qxh6
{[%clk 1:12:54]} Qa5 {[%clk 0:54:39]} 13. h5 {[%clk 1:08:39]} Qxc5
{[%clk 0:50:30]} 14. hxg6 {[%clk 0:51:58]} fxg6 {[%clk 0:50:50]} 15. g5
{[%clk 0:52:16]} Nh5 {[%clk 0:50:56]} 16. Rxh5 {[%clk 0:51:47]} Qe3+
{[%clk 0:39:50]} 17. Nd2 {[%clk 0:50:01]} gxh5 {[%clk 0:40:08]} 18. Qxc6
{[%clk 0:50:09]} Bf5 {[%clk 0:39:26]} 19. Qxd5+ {[%clk 0:50:35]} e6
{[%clk 0:39:33]} 20. Qb3 {[%clk 0:51:01]} Qxg1 {[%clk 0:32:07]} 21. e4
{[%clk 0:51:19]} Bg6 {[%clk 0:30:11]} 22. Bc4 {[%clk 0:46:16]} Qxg5
{[%clk 0:24:41]} 23. Bxe6+ {[%clk 0:46:34]} Kg7 {[%clk 0:24:26]} 24. Qxb4
{[%clk 0:41:57]} Qf6 {[%clk 0:18:51]} 25. Bd5 {[%clk 0:35:02]} Rab8
{[%clk 0:17:38]} 26. Qc3 {[%clk 0:34:50]} Qxc3 {[%clk 0:14:27]} 27. bxc3
{[%clk 0:35:19]} Rf4 {[%clk 0:14:14]} 28. Rf1 {[%clk 0:28:16]} h4
{[%clk 0:13:42]} 29. Nb3 {[%clk 0:26:14]} Bf7 {[%clk 0:12:46]} 30. c4
{[%clk 0:25:00]} Bxd5 {[%clk 0:09:54]} 31. cxd5 {[%clk 0:25:24]} h3
{[%clk 0:10:16]} 32. Nd4 {[%clk 0:24:03]} Kf6 {[%clk 0:07:38]} 33. Rh1
{[%clk 0:17:34]} Rh4 {[%clk 0:07:31]} 34. Nf5 {[%clk 0:17:49]} Rh5
{[%clk 0:07:45]} 35. Ng3 {[%clk 0:18:06]} Rh4 {[%clk 0:07:39]} 36. f4
{[%clk 0:13:07]} Rg8 {[%clk 0:05:57]} 37. e5+ {[%clk 0:13:26]} Kf7
{[%clk 0:05:49]} 38. Nf5 {[%clk 0:13:39]} h2 {[%clk 0:05:37]} 39. Rd1
{[%clk 0:00:35]} Rg1 {[%clk 0:02:26]} 0-1

[Event "ELD_1819"]
[Site "?"]
[Date "2019.04.14"]
[Round "7.10"]
[White "Vilimova, Julie"]
[Black "Dudek, Vojtech"]
[Result "1/2-1/2"]
[BlackElo "2000"]
[WhiteElo "1818"]
[LiveChessVersion "1.4.8"]

1. e4 c5 2. c4 d6 3. g3 g6 4. Bg2 Bg7 5. Nc3 Nc6 6. Nge2 e6 7. O-O Nge7 8. d3 O-O
9. f4 Rb8 10. h3 a6 11. a4 Nd4 12. g4 f5 13. Be3 Bd7 14. Rb1 Bc6 15. b4 Nxe2+ 16.
Nxe2 cxb4 17. Rxb4 d5 18. cxd5 exd5 19. e5 fxg4 20. hxg4 a5 21. Rd4 Qd7 22. Nc3
g5 23. Ne4 gxf4 24. Nf6+ Bxf6 25. exf6 Rxf6 26. Bxf4 Rbf8 27. Bh3 Ng6 28. g5 Rxf4
29. Bxd7 Rxf1+ 30. Qxf1 Rxf1+ 31. Kxf1 Bxd7 32. Rxd5 Bxa4 33. Rxa5 Bc6 34. Ke2
Kf7 35. Ke3 Ke6 36. d4 Ne7 37. Re5+ Kd6 38. Kd3 b5 39. Re2 Nd5 40. Rh2 Be8 41.
Kc2 Bg6+ 42. Kb3 Nb6 43. Kb4 Kc6 44. Rb2 Nd5+ 45. Ka5 b4 46. Ka4 Bh5 47. Ka5 Bd1
48. Rh2 b3 49. Rh6+ Kd7 50. Rxh7+ Ne7 51. Rh2 Bc2 52. g6 b2 53. Rh1 Bxg6 54. Kb4
b1=Q+ 55. Rxb1 Bxb1 56. Kc5 Be4 57. Kc4 Kd6 58. Kc3 Kd5 59. Kd2 Kxd4 60. Ke2 Nf5
61. Kd2 Bd3 62. Ke1 Ke3 63. Kd1 Nd6 64. Kc1 Nc4 65. Kd1 Be4 66. Kc1 Kd3 67. Kd1
Bf3+ 68. Ke1 Ke3 69. Kf1 Ne5 70. Ke1 Bg2 71. Kd1 Be4 72. Kc1 Nc4 73. Kd1 Bd3 74.
Ke1 Nd6 75. Kd1 Kd4 76. Kd2 Ne4+ 77. Kd1 Kc3 78. Ke1 Bc4 79. Kd1 Kd3 80. Ke1 Ke3
81. Kd1 Bb3+ 82. Kc1 Kd3 83. Kb2 Nc5 84. Ka3 Kc4 85. Kb2 Nd3+ 86. Ka3 Bd1 87. Ka2
Kb4 88. Ka1 Ka3 89. Kb1 Ba4 90. Ka1 Ne1 91. Kb1 Kb3 92. Kc1 Kc3 93. Kb1 Bb3 94.
Kc1 Nd3+ 95. Kb1 Bd5 96. Ka1 Kb3 97. Kb1 Be4 98. Ka1 Ka3 99. Kb1 Kb3 100. Ka1 Kc3
101. Ka2 Nb4+ 102. Ka3 Bc6 1/2-1/2